दर्द आया था दबे पाँव / (Record no. 158213)

MARC details
000 -LEADER
fixed length control field 01277nam a22002897a 4500
003 - CONTROL NUMBER IDENTIFIER
control field dpl
005 - DATE AND TIME OF LATEST TRANSACTION
control field 20181020164113.0
008 - FIXED-LENGTH DATA ELEMENTS--GENERAL INFORMATION
fixed length control field 181020b ||||| |||| 00| 0 eng d
010 ## - LIBRARY OF CONGRESS CONTROL NUMBER
LC control number B-142014
020 ## - INTERNATIONAL STANDARD BOOK NUMBER
Terms of availability 180.00
International Standard Book Number 812631107
035 ## - SYSTEM CONTROL NUMBER
System control number B-142014
037 ## - SOURCE OF ACQUISITION
Source of stock number/acquisition Cen Lib/Ret
040 ## - CATALOGING SOURCE
Original cataloging agency DPL
Language of cataloging HN
Transcribing agency 0
082 ## - DEWEY DECIMAL CLASSIFICATION NUMBER
Classification number 808.883
Item number कौशल
100 ## - MAIN ENTRY--PERSONAL NAME
Personal name कौशल, जे.एन.
9 (RLIN) 73
245 ## - TITLE STATEMENT
Title दर्द आया था दबे पाँव /
Statement of responsibility, etc जे.एन.कौशल ; सम्पादक किरण भटनागर
246 ## - VARYING FORM OF TITLE
Title proper/short title Dard aaya tha dabe paanv /
Remainder of title by J.N.Kaushal ; sampadak Kiran Bhatnagar
260 ## - PUBLICATION, DISTRIBUTION, ETC. (IMPRINT)
Place of publication, distribution, etc नयी दिल्ली
Name of publisher, distributor, etc भारतीय ज्ञानपीठ
Date of publication, distribution, etc 2005
270 ## - ADDRESS
City नयी दिल्ली
Address 18, इंस्टीट्यूशनल एरिया, लोदी रोड
Postal code 110003
300 ## - PHYSICAL DESCRIPTION
Extent 263पृ.
Dimensions 20सेमी(सजिल्द)
650 ## - SUBJECT ADDED ENTRY--TOPICAL TERM
Topical term or geographic name as entry element हिन्दी -- साहित्य
9 (RLIN) 92149
650 ## - SUBJECT ADDED ENTRY--TOPICAL TERM
Topical term or geographic name as entry element हिन्दी -- कहानियाँ
9 (RLIN) 92150
650 ## - SUBJECT ADDED ENTRY--TOPICAL TERM
Topical term or geographic name as entry element Hindi literature
9 (RLIN) 92151
650 ## - SUBJECT ADDED ENTRY--TOPICAL TERM
Topical term or geographic name as entry element Hindi - Stories
9 (RLIN) 92152
700 ## - ADDED ENTRY--PERSONAL NAME
Personal name भटनागर, किरण
9 (RLIN) 92153
942 ## - ADDED ENTRY ELEMENTS (KOHA)
Source of classification or shelving scheme Dewey Decimal Classification
Koha item type Hindi Books
Classification part 808.883
Call number suffix कौशल
Holdings
Withdrawn status Lost status Source of classification or shelving scheme Damaged status Not for loan Collection code Home library Current library Date acquired Source of acquisition Cost, normal purchase price Total Checkouts Full call number Barcode Date last seen Cost, replacement price Price effective from Koha item type
    Dewey Decimal Classification     Non-fiction Shahdara Branch Shahdara Branch 20/10/2018 BPPD/PUB 180.00   808.883 कौशल B-142014 20/10/2018 180.00 20/10/2018 Hindi Books

© Delhi Public Library
Hit Counter
free hit counter